Statistics for Something of the Something #2

Click here to take the quiz!

General Stats

  • This quiz has been taken 22,034 times
    (9,177 since last reset)
  • The average score is 13 of 20

Answer Stats

ClueAnswer% Correct
Beauty is in the ...{Eye} of the {Beholder}
88%
Hannibal Lecter movie{Silence} of the {Lambs}
87%
Galahad, Lancelot, etc...{Knights} of
the {Round} {Table}
84%
Pisces, Sagittarius, etc...{Sign} of the {Zodiac}
83%
Día de los Muertos{Day} of the {Dead}
81%
Oz villain who melted{Wicked} {Witch} of
the {West}
81%
ROYGBIV{Colors} of the {Rainbow}
79%
The land of the free and the ...{Home} of the {Brave}
74%
Gold, frankincense, and myrrh{Gifts} of the {Magi}
63%
American underwear company{Fruit} of the {Loom}
61%
Lord of the Rings, book three{Return} of the {King}
61%
Alien invasion radio hoax{War} of the {Worlds}
59%
Simon Pegg zombie spoof{Shaun} of the {Dead}
58%
Competition for up and coming
musical groups
{Battle} of the {Bands}
56%
... and into the fire{Out} of the {Frying} {Pan}
56%
Down Mexico way{South} of the {Border}
52%
Last half-inning in baseball{Bottom} of the {Ninth}
49%
The 10% that floats above
the surface of the sea
{Tip} of the {Iceberg}
49%
Where the one-eyed man
is king
{Land} of the {Blind}
41%
Islamic monument on the
Temple Mount in Jerusalem
{Dome} of the {Rock}
38%

Score Distribution

Percentile by Number Answered

Percent of People with Each Score

Your Score History

You have not taken this quiz since the last reset